000 00485nam a2200181Ia 4500
008 230917s9999||||xx |||||||||||||| ||und||
020 _cRS659
040 _e255553
_aMAIN
041 _aEnglish
082 _a546.22 H183W(7)
100 _aHammer, Mark J, Sr.
245 0 _aWater and wastewater technology
250 _a7th ed.
260 _aNoida
_bPearson India Education
_c2019
300 _a462 p.
500 _a3462 08/05/2019 RBP19/75799 24/05/2019 Main Budget
942 _cBK
999 _c31171
_d31171